00341nam a2200121Ia 4500008004100000082001500041100002900056245003200085260003000117300000800147546000900155650005500164230312s9999||||xx |||||||||||||| ||und|| a425bABU-F aProf.Dr.Ch. Abdul Rehman 0aFacts of Functional English bETISAM PUBLISHERaLahore a407 aEng. aLiteraturevKinds of Nouns , Pronoun , Adjective